Điều chỉnh cơ cấu kinh tế ở Hàn Quốc, Malaixia và Thái Lan

Nêu bối cảnh cuộc khủng hoảng tài chính tiền tệ ở Đông Nam Á. Các biện pháp cải cách, điều chỉnh cơ cấu kinh tế. Một số kết quả đã đạt được, dự báo triển vọng chương trình. Điều chỉnh cơ cấu. Rút ra bài học kinh nghiệm và một số go...

সম্পূর্ণ বিবরণ

সংরক্ষণ করুন:
গ্রন্থ-পঞ্জীর বিবরন
প্রধান লেখক: Hoàng, Thị Thanh Nhàn
বিন্যাস: গ্রন্থ
ভাষা:Undetermined
প্রকাশিত: Hà Nội Chính trị Quốc gia 2003
বিষয়গুলি:
ট্যাগগুলো: ট্যাগ যুক্ত করুন
কোনো ট্যাগ নেই, প্রথমজন হিসাবে ট্যাগ করুন!
Thư viện lưu trữ: Trung tâm Học liệu Trường Đại học Cần Thơ
LEADER 01185nam a2200217Ia 4500
001 CTU_115581
008 210402s9999 xx 000 0 und d
020 |c 20000 
082 |a 330.59 
082 |b Nh105 
100 |a Hoàng, Thị Thanh Nhàn 
245 0 |a Điều chỉnh cơ cấu kinh tế ở Hàn Quốc, Malaixia và Thái Lan 
245 0 |c Hoàng Thị Thanh Nhàn (Chủ biên) 
260 |a Hà Nội 
260 |b Chính trị Quốc gia 
260 |c 2003 
520 |a Nêu bối cảnh cuộc khủng hoảng tài chính tiền tệ ở Đông Nam Á. Các biện pháp cải cách, điều chỉnh cơ cấu kinh tế. Một số kết quả đã đạt được, dự báo triển vọng chương trình. Điều chỉnh cơ cấu. Rút ra bài học kinh nghiệm và một số gợi ý về chính sách đối ngoại đối với Việt Nam. 
650 |a Economic conditions,Managerial economics,Managerial economics,Managerial economics 
650 |z Korea,Malaixia,Thailand 
904 |i Giang 
980 |a Trung tâm Học liệu Trường Đại học Cần Thơ